International Conflict Resolution (Record no. 17262)

000 -LEADER
fixed length control field 00307nam a22001097a 4500
008 - FIXED-LENGTH DATA ELEMENTS--GENERAL INFORMATION
fixed length control field 150604t xxu||||| |||| 00| 0 eng d
020 ## - INTERNATIONAL STANDARD BOOK NUMBER
International Standard Book Number 978-969-8535-22-3
100 ## - MAIN ENTRY--PERSONAL NAME
Personal name Dr. Shahid Ahmad Hashmat
9 (RLIN) 991
245 ## - TITLE STATEMENT
Title International Conflict Resolution
Remainder of title Role of the UN and the OIC
300 ## - PHYSICAL DESCRIPTION
Extent 277
942 ## - ADDED ENTRY ELEMENTS (KOHA)
Source of classification or shelving scheme
Koha item type Book
Holdings
Withdrawn status Lost status Source of classification or shelving scheme Damaged status Not for loan Collection code Permanent Location Current Location Date acquired Total Checkouts Full call number Barcode Date last seen Price effective from Koha item type
            Atta-ur-Rahman School of Applied Biosciences (ASAB) Atta-ur-Rahman School of Applied Biosciences (ASAB) 06/04/2015   341.5 AHM ASAB3235 11/03/2015 06/04/2015 Book
            Atta-ur-Rahman School of Applied Biosciences (ASAB) Atta-ur-Rahman School of Applied Biosciences (ASAB) 06/04/2015   341.5 AHM ASAB3234 02/21/2017 06/04/2015 Book
© 2023 Central Library, National University of Sciences and Technology. All Rights Reserved.